000 00309nam a22001337a 4500
008 190305b xxu||||| |||| 00| 0 eng d
020 _a9780155025608
041 _aeng
080 _26th
_a159.9
100 _a49
101 _aPSI
245 _aA History of Modern Psychology
_cSchultz.D.P
942 _2udc
_cBK
999 _c54490
_d54490